000 00674nam a2200205Ia 4500
003 BUBTL
008 151213s9999 xx 000 0 und d
082 _a344.015492 / H211b / 2007
100 _a হক, মো: শামছুল
245 _aবাংলাদেশ শ্রম আইন ২০০৬
_cমো: শামছুল হক
250 _a১ম সং
260 _aঢাকা
_bমোছা: রোমানা হক
_cc2007
300 _a511 p . :
_c21 cm
650 _aLaw
650 _aLaw
_94213
700 _aমো: শামছুল হক
856 _k0
_l0
_yDownload
942 _2ddc
_cBK
999 _c2510
_d2510